Statistics for UK Landmarks Map Quiz

Click here to take the quiz!

General Stats

  • This quiz has been taken 289 times
  • The average score is 20 of 40

Answer Stats

Answer % Correct
Land's End
88%
White Cliffs of Dover
87%
Stonehenge
79%
Giant's Causeway
70%
Norfolk Broads
70%
Newquay Beach
66%
Snowdon
64%
John o' Groats
64%
Old Trafford Stadium
61%
Gretna Green
59%
Cheddar Gorge
59%
Windsor Castle
58%
Titanic Quarter
55%
Angel of the North
52%
Hereford Cathedral
52%
Sherwood Forest
51%
Humber Bridge
51%
Portland Bill
48%
The Wash
48%
Gower
47%
Windermere
46%
York Minster
45%
Cairngorms
45%
Leeds Castle
44%
Aintree Racecourse
42%
Arthur's Seat
42%
Fair Isle
41%
Ironbridge
41%
Lewis and Harris
40%
Bletchley Park
40%
Pontcysyllte Aqueduct
38%
Osborne House
38%
Glencoe
37%
Islay
36%
Robin Hood's Bay
34%
Laxey Wheel
30%
Cape Wrath
28%
Blenheim Palace
27%
Alton Towers
27%
Bosworth Battlefield
18%

Score Distribution

Percentile by Number Answered

Percent of People with Each Score

Your Score History

You have not taken this quiz